000 01166nam a22003257a 4500
003 EG-GICUC
005 20260121101326.0
008 251120s1998 ua |||fr|||| 00| 0 ara d
017 _a1991/4553
020 _a97770406961
040 _a EG-GICUC
_bara
_c EG-GICUC
_d EG-GICUC
_erda
041 0 _aara
082 0 4 _221
_a345
_bص ل . م
092 0 4 _221
099 _aLaw1 07 345 ص ل . م 1998
100 1 _aصلاح الدين فوزي
_eمؤلف.
245 1 0 _aالمبادئ العامة غير المكتوبة في القانون الإدري :
_bدراسة مقارنة /
_cصلاح الدين فوزي.
264 _aالقاهرة :
_b[دار النهضة العربية،
_c[1998].
300 _a255 صفحة ؛
_c24 سم.
336 _2rda content
_atext
337 _2rda media
_aComputer
338 _2rda carrier
_aOnline Resource
504 _aيشتمل على إرجاعات ببليوجرافية.
546 _aالنص باللغة العربية
650 1 4 _aالقانون الإداري
_2qrmak
651 1 _2qrmak
856 4 0 _uhttps://fll.law.cu.edu.eg/fulltext/bks/B07-00390.pdf
905 _a78
942 _2ddc
_cBK
_e21
_n0
999 _c44972
_d44972